000 00773cam a22002654a 4500
001 4049504
003 OSt
005 20160401125436.0
008 990518s1999 ilu b 001 0deng
010 _a 99034150
020 _a1566632633 (cloth : alk. paper)
020 _a1566632641 (pbk. : alk. paper)
040 _aSEKU
042 _apcc
050 0 0 _aB 3148
_b.S7
082 0 0 _a193
_221
100 1 _aStrathern, Paul,
_d1940-
245 1 0 _aSchopenhauer in 90 minutes /
_cPaul Strathern.
246 3 _aSchopenhauer in ninety minutes
260 _aChicago, Ill. :
_bIvan R. Dee,
_c1999.
300 _a87 p. ;
_c21 cm.
504 _aIncludes bibliographical references (p. 83-84) and index.
600 1 0 _aSchopenhauer, Arthur,
_d1788-1860.
942 _2lcc
_cGEN
999 _c12350
_d12350